000 00338nam a2200133Ia 4500
005 20251222141917.0
008 251222s9999||||xx |||||||||||||| ||spa||
020 _a950-537-538-8
082 _a657.45/F85
100 _aFronti de García, Luisa
245 0 _aContabilidad y Auditoría Ambiental
264 _bEdiciones Macchi
942 _cLIB
999 _c8577
_d8577